000 00602nam a2200205 a 4500
001 BRCA_8210
005 20190320210158.0
008 160514s1954----po-a###f##---#000-0#por-#
041 _apo
044 _apor
050 4 _aND661
_b.R45 1954
100 1 _aReis-Santos Luís
_920467
245 1 0 _aCatálogo de arte flamenga
_bdo século XVI
_cLuís Reis-Santos
260 _aCoímbra, Portugal
_bMuseo Machado de Castro
_c1954
300 _a30 p.
_bil., 32 láminas
_c23 cm.
650 1 4 _aArte flamenco
_vCatálogos
_920468
650 1 4 _aArte flamenco
_ySiglo XVI
_920469
902 _aGFM
942 _2lcc
_cB
999 _c7878
_d7878